000 00243nam a2200109Ia 4500
008 190216s9999||||xx |||||||||||||| ||und||
100 _aSarkar N
245 0 _aBook-Keeping And Accountancy
260 _bNull
_c1975
300 _a831p
942 _cBK
999 _c3871
_d3871